[Event "ISR-ch"]
[Site "Tel Aviv"]
[Date "2002.12.01"]
[Round "7"]
[White "Mikhalevski, Victor"]
[Black "Zilberman, Yaacov"]
[Result "1/2-1/2"]
[WhiteElo "2524"]
[BlackElo "2467"]
[Annotator "Mikhalevski,V"]
[PlyCount "117"]
[EventDate "2002.11.24"]
[EventType "swiss"]
[EventRounds "9"]
[EventCountry "ISR"]
[SourceTitle "CBM 093"]
[Source "ChessBase"]
[SourceDate "2003.04.01"]
[SourceVersion "1"]
[SourceVersionDate "2003.04.01"]
[SourceQuality "1"]

1. Nf3 d5 2. d4 Nd7 3. c4 dxc4 4. e4 Nb6 {After the game I was very surprised
when I found not less than 20 games with this rare move.} 5. a4 $5 {I think
this is more unpleasant than more popular 5.Bxc4} (5. Bxc4 Nxc4 6. Qa4+ c6 7.
Qxc4 Nf6 8. Nc3 b5 9. Qe2 b4 10. Na4 Qa5 11. b3 Qb5 12. Qc2 Nd7 13. Bb2 e6 $14
{1/2-1/2 Miles,A-Bellon Lopez,J/Montilla 1978/MCD (57)}) 5... a5 6. h3 $1 {
[%csl Rc8] Now black will have problems with his light-squared bishop.} (6. Na3
Bg4 7. Nxc4 Bxf3 8. gxf3 Nxc4 9. Bxc4 e6 10. Be3 Bb4+ 11. Ke2 Ne7 12. h4 $14 {
1/2-1/2 Ulko,J-Novikov,Y/Moscow 2000/EXT 2001 (39)}) (6. Ne5 Nf6 7. Nc3 Nfd7 8.
Nxc4 g6 9. Bf4 c6 10. Qd2 Bg7 11. Bh6 O-O 12. Rd1 Nxc4 13. Bxc4 Nb6 14. Ba2 $14
{1-0 Gavrikov,V-Gulko,B/Frunze 1981/URS-ch (54) /+/-}) 6... g6 7. Nc3 Bg7 8.
Bf4 {[%cal Gc3b5]} c6 {Preventing Nb5} 9. Qd2 Nf6 10. Be2 O-O 11. O-O {Despite
an extra pawn black has serious difficulties. He's lack of space, while all
white pieces are on their best positions.} Ne8 {[%cal Gf7f5]} ({In the only
game which reached this position black continued} 11... Nfd7 12. Rfd1 f5 13. e5
e6 14. Bg5 Qc7 15. Be7 Re8 16. Bd6 Qd8 17. Ne1 Nb8 {and here a draw was
suddenly agreed in Sebban,J-Megy,D/Cannes 1995/EXT 98 (17)}) 12. Rfe1 $1 f5 13.
Bf1 $1 {Last two moves underline White's superiority. With f5 black was trying
to create some counterplay, but in fact only opened the e-file for white rook.}
Nc7 14. Bh6 $1 {All dark squares are weak. So exchange of the dark-squared
bishops seems to be a logical continuation.} Qd6 15. d5 $1 cxd5 ({Dangerous was
} 15... fxe4 16. Bxg7 Kxg7 17. Nxe4 Qxd5 18. Qe3 {[%cal Ga1d1] with a very
strong initiative.} (18. Qc3+ $5 Kg8 19. Rad1)) 16. exd5 {The e-file has been
opened and black got an additional problem-the e7-pawn.} (16. Nxd5 $5 {was
interesting}) 16... Re8 ({After} 16... Ncxd5 $6 17. Nxd5 Qxd5 (17... Nxd5 18.
Bxc4 e6 19. Bxg7 Kxg7 20. Qd4+ $16) 18. Rxe7 $1 Rf7 {White has two promising
continuations} 19. Rxf7 $1 {Probably the simplest.} (19. Bxc4 $5 Qxc4 20. Ne5
$1 {A nice tactical blow.} ({But not} 20. Qd8+ $2 Bf8 21. Ne5 Qd5 22. Qxd5 Nxd5
23. Rxf7 Bxh6) 20... Bxh6 (20... Rxe7 $4 21. Qd8+) (20... Qd5 $2 21. Rxf7 $1
Qxd2 22. Rxg7+ Kf8 23. Rf7+ Ke8 24. Bxd2) 21. Re8+ $1 Kg7 $1 (21... Rf8 $2 22.
Rxf8+ Bxf8 23. Nxc4 Nxc4 24. Qd5+) (21... Bf8 $2 22. Nxc4 Nxc4 23. Qd4 $1 {
and black knight is traped in the centre of the board.}) 22. Qd8 $1 {and
despite white is two pieces down he has a strong attack.} Bg5 23. Rg8+ Kh6 24.
Qxb6 {[%cal Gg8g6]} Qc7 25. Rxg6+ $1 Kh5 26. Qd6 $3 {Very beautiful idea found
by Fritz.} Qxd6 $140 27. Rxg5+ $1 Kxg5 (27... Kh4 28. Nf3#) (27... Kh6 28.
Nxf7#) 28. Nxf7+ Kf6 29. Nxd6 $16) 19... Qxf7 (19... Kxf7 $2 {loses to} 20.
Bxc4 $1 Qxc4 21. Ng5+) (19... Bxh6 $2 20. Qxd5 Nxd5 21. Ne5 $1 {and white
keeps an extra piece}) 20. Qd8+ (20. Bxg7 Kxg7) 20... Qf8 (20... Bf8 $4 21.
Bxf8 Be6 22. Qxb6) 21. Qxb6 Bxh6 22. Bxc4+ Kh8 (22... Kg7 23. Qc7+ Kh8 24. Rd1)
23. Rd1 $1 {and white wins}) 17. Rad1 Bf6 18. Qe3 $5 {[%cal Gh6f4]
Strengthening the pressure} (18. Bf4 {was enough for a slight edge at the
endgame} e5 19. dxe6 Qxd2 20. Nxd2 Nbd5 $1 (20... Ncd5 $6 21. Nxc4 $1 Bxc3 22.
bxc3 Bxe6 23. Nxb6 Nxb6 24. Rd6 Nd5) (20... Nxe6 $2 21. Nxc4) 21. Be5 Bxe6 22.
Nxc4 $14) 18... Na6 (18... e5 $5 19. dxe6 Qb4 $1 20. e7) 19. Nb5 (19. Bf4 Qd8 (
19... e5 20. dxe6 Qxe6 21. Qc1 Qc6 22. Rd6 $18) (19... Qc5 $5) (19... Qb4 $5)
20. d6) 19... Qd8 20. d6 $1 {The most logical continuation of the previous
play.} ({Also promising was} 20. b3 $1 cxb3 21. d6 $1 e6 22. Qxb3) 20... Bd7 $8
21. Nc7 $1 {Black pieces are starting to hang.} (21. dxe7 {would lead to an
unclear position after} Rxe7 22. Qc1 Rxe1 23. Nxe1 Kh8 24. Bxc4 Qe7 25. Nd6
$140 Bxa4 26. Nf7+ Kg8 $13) 21... Nxc7 {Now I could get an endgame position
with an extra pawn,but have completly overlooked this simple idea.} 22. Qxb6 $5
({Suspicious was} 22. dxc7 $6 Qxc7 23. Rxd7 Nxd7 24. Qe6+ Kh8 25. Bxc4 {
[%cal Ge6f7] as it seems that Black is able to defend.} Rf8 $5 (25... Qd6 26.
Qf7 {[%cal Gf3g5]}) (25... Rac8 $5)) (22. dxe7 $1 {This simple move leads to a
clear edge} Rxe7 (22... Qxe7 $2 {loses on the spot} 23. Qxb6 Ne6 24. Bxc4 $18)
23. Qxb6 Rxe1 24. Nxe1 Ne6 25. Qxb7 Nc5 26. Bxc4+ Kh8 27. Qd5 Be6 28. Qxd8+
Rxd8 29. Rxd8+ Bxd8 30. Bxe6 Nxe6 31. Nd3 $16 (31. Be3 $5 $16)) 22... exd6 23.
Rxd6 $2 {This is already a serious mistake. Being in the time-trouble I missed
black's 24th move.} ({After correct} 23. Rxe8+ $1 Nxe8 24. Bxc4+ Kh8 25. Qxb7 {
white has a clear positional advantage. For instance} Rc8 26. Qd5 Ng7 27. Qxd6
(27. Bxg7+ $5 Kxg7 (27... Bxg7 28. Qxd6 Qc7 29. Qxd7 Qxc4 30. Ng5) 28. Qf7+ Kh6
29. Rxd6 Be7 30. Rd1 Qe8 $16) 27... Bxa4 28. b3 Qxd6 29. Rxd6 Ne8 30. Ra6 $1 {
and White wins a pawn}) (23. Bxc4+ Kh8 24. Qxd6 Rxe1+ 25. Rxe1) 23... Rxe1 24.
Nxe1 Ne8 25. Bxc4+ Kh8 {Suddenly Black gets an advantage} 26. Rxf6 $1 {Only
chance to fight for three results} ({After} 26. Qxd8 Rxd8 27. Rd5 Bxa4 28. Rxa5
Bc6 $15 {Black is better}) 26... Qxf6 27. Qxb7 Bc6 28. Qb6 Be4 (28... Bxa4 29.
Qc5 Qd6 30. Qe3 {with some compensation thanks to a strong dark-squared bishop}
) 29. Qc5 $1 {White needs the Queens in order to keep the pressure on.} Qd6 30.
Qe3 $1 {[%csl Rh8] White is again on top. Black king is very weak.} Ng7 31. Qc3
Qc7 $2 {Blundering Qf6.} ({Better was} 31... Qe7) 32. f3 $2 ({After simple} 32.
Qf6 $1 {with the idea Bf7 I could get a winning position.}) 32... Bb7 33. Nd3
$2 ({Now} 33. Qf6 {was not as strong as a move before, but still better than
the game.} Qc5+ 34. Kh2 Qf8 35. Bf7 Rc8 36. Nd3 $16 {[%cal Gd3f4,Gf4e6,Gd3e5,
Ge5d7]}) 33... Re8 $2 {A comedy of mistakes.} (33... Ba6 $1) 34. Bf4 ({And
again} 34. Qf6 {was strong.} Qe7 35. Qxe7 Rxe7 36. Bd2 Bc6 37. b3 Ra7 38. Bc3)
34... Qb6+ 35. Kh2 $2 (35. Kh1 {It was better to keep the king away from the
check on the b8-h2 diagonal.} Ba6 36. Be5 $1 Re7 (36... Bxc4 37. Bxg7+ Kg8 38.
Bh6 {In this line we can see the difference between 35.Kh2 and 32.Kh1} Qc7 39.
b3 {and white wins}) 37. Bd4 $1 Qc6 38. Qa3 $3 {Fantastic winning move!} Re8
39. Ne5 Qa8 40. Nf7+ Kg8 41. Qc3 $18 {[%cal Gf7h6]}) 35... Ba6 36. Be5 (36. Ne5
$142 $1 Bxc4 37. Nxc4 Qb4 38. Be5 Qxc3 39. Bxc3 $14) 36... Bxc4 37. Bxg7+ (37.
Qxc4 $5) 37... Kg8 38. Bh6 Qc7+ {Now black defends the g7-square with check
and gets time to save his bishop.} 39. f4 $6 (39. Bf4 $142) 39... Rc8 {The
rest was played in a mutual time-trouble.} 40. Nc5 Bd5 41. Qd4 Qf7 42. Nd3 Ba8
43. Ne1 Re8 44. Qc3 Qa7 45. Qc4+ Qf7 46. Qc3 Re2 47. Kg3 (47. Qc8+ $142 Qe8 48.
Qc4+ Re6 49. Qc7 Re7 50. Qc4+ $11) 47... Qe7 48. Qc4+ Qe6 49. Qc7 Qe3+ 50. Kh2
Qe7 51. Qc4+ Qe6 52. Qc3 Qe7 53. Qxa5 $2 (53. Qc4+ $11) 53... Bb7 54. Bg5 $8
Qe4 55. Qd8+ Kf7 (55... Qe8 $1 $17 {[%cal Ge8c6]} 56. Qxe8+ (56. Qb6 Qc6 57.
Qd8+ $140 Kf7) 56... Rxe8) 56. Qd7+ $6 (56. Qc7+ $1 $11) 56... Kg8 57. Qd8+ Kf7
(57... Qe8 $1) 58. Qc7+ $1 Kg8 59. Qb8+ $1 $11 {An interesting game despite or
maybe thanks to a big number of mistakes.} 1/2-1/2

[Event "Rohde op 10th"]
[Site "Sautron"]
[Date "2010.10.29"]
[Round "8"]
[White "Abbasov, Farid"]
[Black "Ivanov, Jordan"]
[Result "1/2-1/2"]
[WhiteElo "2540"]
[BlackElo "2437"]
[Annotator "Primel,D"]
[PlyCount "79"]
[EventDate "2010.10.23"]
[EventType "swiss"]
[EventRounds "9"]
[EventCountry "FRA"]
[SourceTitle "EXT 2012"]
[Source "ChessBase"]
[SourceDate "2011.11.24"]
[SourceVersion "1"]
[SourceVersionDate "2011.11.24"]
[SourceQuality "1"]

1. d4 d5 2. c4 dxc4 3. Nf3 c5 4. e3 cxd4 (4... Nf6) 5. Bxc4 Qc7 6. Qb3 e6 7.
exd4 Nf6 8. O-O Nc6 9. Nc3 a6 10. Be2 (10. Bd3 $5 Be7 11. Bg5 $14) 10... Be7
11. Bg5 O-O 12. Bh4 Rd8 13. Rfd1 Na5 14. Qc2 b5 15. Rac1 Bb7 16. Nd5 Nxd5 17.
Qxc7 Nxc7 18. Bxe7 Rdc8 19. Bb4 $146 ({RR} 19. Bc5 Nd5 20. Ne5 Nf4 21. Bf1 Nc6
22. g3 Nxe5 23. dxe5 Bf3 24. Re1 Nd5 25. Bd6 h5 26. h4 Nb6 27. b3 Nd5 28. Bg2
Bxg2 29. Kxg2 a5 30. a3 Kh7 31. Kf3 Kg6 32. Ke4 Nb6 33. Kd4 a4 {Mastrovasilis,
A (2327)-Marjanovic,S (2524)/Athens 2000/EXT 2001/1/2-1/2 (53)}) 19... Nc6 20.
Bc5 Nd5 21. Nd2 Ncb4 22. a3 Nf4 23. Bf1 Nbd3 $36 24. g3 $1 Nxb2 25. gxf4 Nxd1
26. Rxd1 {Les Blancs ont la paire de B mais la structure est en lambeaux} Bd5 {
[%csl Gd5]} 27. Rb1 (27. f3 {[%cal Gg1f2,Gd2e4]}) 27... f6 28. Re1 {La nulle
semble déjà inévitable} Rc6 29. Nb1 {[%cal Gb1c3]} e5 $1 {[%csl Rg1][%cal
Gc6g6] Il va manquer un tempo aux Blancs pour jouer Nc3 dans des bonnes
conditions} 30. Nc3 (30. fxe5 fxe5 31. Rxe5 Rg6+) 30... exd4 31. Bxd4 Re6 32.
Be3 (32. Re3 {[%cal Gf2e3]}) 32... Bf3 $1 $132 {[%csl Gd1,Gf3,Rg1]} 33. h4 f5 {
[%cal Ge6g6]} 34. Kh2 Rd8 (34... Rc8 {[%csl Rc3]}) 35. Rb1 Rc6 36. Rb3 {
[%csl Rb3,Rc3]} Rh6 $15 37. Kg3 Bc6 38. Kh3 Bf3 39. Rb1 Rdd6 40. Be2 1/2-1/2

[Event "Belgrade GMA op"]
[Site "Belgrade"]
[Date "1988.??.??"]
[Round "?"]
[White "Razuvaev, Yuri S"]
[Black "Fedorov, Vladislav"]
[Result "1-0"]
[WhiteElo "2535"]
[BlackElo "2400"]
[Annotator "Ribli,Z"]
[PlyCount "66"]
[EventDate "1988.12.??"]
[EventType "swiss"]
[EventRounds "9"]
[EventCountry "YUG"]
[SourceTitle "TD"]
[Source "ChessBase"]
[SourceDate "1994.03.01"]
[SourceVersion "1"]
[SourceVersionDate "1994.03.01"]
[SourceQuality "1"]

1. d4 d5 2. Nf3 c5 3. c4 dxc4 4. Nc3 e6 5. d5 exd5 6. Qxd5 Qxd5 7. Nxd5 Bd6 8.
Nd2 Nc6 9. Nxc4 Bb8 10. Bf4 Bxf4 11. Nxf4 Nf6 12. Rc1 Ke7 13. g3 b6 14. Bg2 Bb7
15. Ne3 Rhd8 16. g4 Rab8 17. g5 Ne8 18. h4 Nd4 19. Ned5+ Kf8 20. h5 Rd6 21. e3
Ne6 22. g6 fxg6 23. hxg6 h6 24. Rc4 N6c7 25. Nxc7 Nxc7 26. Bxb7 Rxb7 27. Re4
Rb8 28. Rh5 Ne8 29. Rd5 Rbd8 $2 30. Ne6+ $1 Rxe6 31. Rf4+ Nf6 (31... Ke7 32.
Rf7# $18) 32. Rxd8+ Ke7 33. Ra8 a5 {rest unavailable. 1-0/39/} 1-0

[Event "St Petersburg op"]
[Site "St Petersburg"]
[Date "1993.??.??"]
[Round "?"]
[White "Shipov, Sergei"]
[Black "Zvjaginsev, Vadim"]
[Result "1-0"]
[WhiteElo "2500"]
[BlackElo "2455"]
[Annotator "Shipov,S"]
[PlyCount "97"]
[EventDate "1993.10.??"]
[EventType "swiss"]
[EventRounds "9"]
[EventCountry "RUS"]
[SourceTitle "CBM 037"]
[Source "ChessBase"]
[SourceDate "1993.12.01"]
[SourceVersion "1"]
[SourceVersionDate "1993.12.01"]
[SourceQuality "1"]

1. d4 d5 2. c4 dxc4 3. Nf3 c5 4. d5 e6 5. Nc3 exd5 6. Qxd5 Qxd5 7. Nxd5 Na6 8.
e4 Ne7 9. Ne3 $1 (9. Bxc4) (9. Nxe7) 9... Nc7 (9... Nc6 10. Bxc4 (10. Nxc4 $6
Nab4 $1 $13) 10... Nc7 11. O-O $14) (9... b5 $2 10. a4 $16) 10. Nxc4 Ng6 (10...
Nc6 11. Bf4 Ne6 12. Nd6+ Bxd6 13. Bxd6 $14 {^^}) 11. Be3 b6 (11... b5 $6 12.
Na5 $1 {x c5,b5}) (11... Be7 12. O-O-O O-O 13. Nd6 $14) 12. O-O-O Bb7 13. Bd3
$1 (13. Ng5 $2 Be7 $1 (13... f6 $2 14. Nf7 $1 $36) 14. Nxf7 $2 Kxf7 15. Rd7
Rac8 16. Nd6+ Ke6 $19) 13... f6 (13... O-O-O $2 14. Nce5 $1 {xf7}) (13... Be7
14. Bc2 O-O (14... Rd8 15. Rxd8+ Kxd8 16. Nfe5 $1 $16) 15. Rd7 Rac8 16. Nfe5
$36) 14. Bc2 Ba6 $2 (14... Be7 $14) (14... Rd8 $14) 15. Bb3 Rd8 16. h4 $1 $16
Bxc4 (16... Be7 17. h5 Nf8 18. e5 $1 $16) (16... h5 17. e5 $5 Bxc4 18. Bxc4
Nxe5 19. Nxe5 fxe5 20. f4 $36) 17. Bxc4 Bd6 18. h5 Ne5 19. Nxe5 Bxe5 $2 (19...
fxe5 $16) 20. Rxd8+ Kxd8 21. f4 Bd6 22. h6 gxh6 (22... g6 23. Rd1 Ke7 24. e5 $1
fxe5 25. fxe5 Bxe5 26. Bg5+ Kf8 (26... Bf6 27. Re1+ $18) 27. Rf1+ Ke8 28. Re1
$18) 23. Rxh6 b5 24. Be2 Ke7 25. Bg4 Kf7 26. Bf5 (26. e5 Nd5 $1) 26... Kg7 27.
Rh1 Ne8 (27... Be7 28. Rd1 Rd8 29. Rxd8 Bxd8 30. Bxc5 $18) 28. Rd1 $18 Kf7 29.
Rd5 (29. Bd7 $1) 29... h5 30. Kd1 (30. Bxc5) 30... a6 31. Bxc5 Bxc5 32. Rxc5
Rg8 33. Bh3 Nd6 34. Rc7+ Kf8 $1 (34... Kg6 35. Re7 $1) 35. e5 fxe5 36. fxe5 Ne8
$1 (36... Nc4 37. Rc8+ Kg7 38. Rxg8+ Kxg8 39. Be6+ $18) 37. Ra7 $2 $138 (37.
Rc5 $1 Ke7 38. Kc2 {/\ Kb3-b4+-} Rg3 39. e6 $18) 37... Rg5 38. e6 Rd5+ 39. Kc2
Rc5+ 40. Kb3 Nc7 $16 {xRa7} 41. Rb7 $1 Rc6 $6 (41... Ke7 42. Kb4 $140 Rc2) 42.
Rb8+ Ke7 43. Rc8 $1 a5 (43... Nxe6 44. Rxc6 Nd4+ 45. Kb4 Nxc6+ 46. Kc5 $18) 44.
a4 b4 45. Rh8 Nxe6 (45... Rc5 46. Rh7+ Kd6 47. Rd7+ Kc6 48. Rf7 {/\ Rf5}) 46.
Rh7+ Kd8 47. Bxe6 $18 Rxe6 48. Rxh5 Re3+ 49. Ka2 1-0

[Event "Osterskars op"]
[Site "Osterskars"]
[Date "1995.??.??"]
[Round "9"]
[White "Farago, Ivan"]
[Black "Rausis, Igors"]
[Result "1-0"]
[WhiteElo "2520"]
[BlackElo "2515"]
[Annotator "Tisdall,J"]
[PlyCount "78"]
[EventDate "1995.08.??"]
[EventType "swiss"]
[EventRounds "9"]
[EventCountry "SWE"]
[SourceTitle "EXT 1997"]
[Source "ChessBase"]
[SourceDate "1996.11.15"]
[SourceVersion "1"]
[SourceVersionDate "1996.11.15"]
[SourceQuality "1"]

{This game decided first place.} 1. d4 d5 2. c4 dxc4 3. Nf3 c6 {An incredibly
fashionable line in Österskärs. In round 7, three of the top four boards
featured some sort of Noteboom position.} 4. e4 b5 5. a4 e6 6. axb5 $5 cxb5 7.
b3 Bb7 (7... Bb4+ 8. Bd2 Bxd2+ 9. Nbxd2 (9. Qxd2 $5) 9... Nc6 10. bxc4 Nxd4 11.
cxb5 {favors white.}) 8. Nbd2 Bb4 9. bxc4 Bxe4 10. Be2 Nf6 {Black rushes to
get his king to safety, as there is a real danger that a later Ba3 can cause
problems. Interesting complications arise after the uncompromising} (10...
Bxd2+ $5 11. Nxd2 $5 (11. Qxd2 bxc4 12. Ba3 Ne7 {should be fine for black.})
11... Bxg2 $5 (11... Qxd4 12. Nxe4 $1) 12. Rg1 (12. Bf3 Bxh1 13. Bxh1 Nd7)
12... Bb7 (12... Qxd4 $2 13. Rxg2 Qxa1 14. Bf3) 13. Bb2 $5 {with interesting
compensation for the pawns.}) 11. O-O Bxd2 12. Nxd2 $1 O-O {Again} (12... Qxd4
$2 13. Nxe4 {is catastrophic:} Qxa1 (13... Qxe4 14. Bf3 Qe5 15. Rb1) 14. Nxf6+
Qxf6 15. Bf3) 13. Ba3 Re8 14. Nxe4 Nxe4 15. Qc2 $5 {Farago prepares to offer
more pawns in order to create maximum chaos. The simple} (15. Bf3 f5 16. Bxe4
fxe4 17. cxb5 Qd5 18. Qe2 $5 {must give white an enduring advantage, but since
a draw meant nothing to white, he probably preferred to minimize the drawing
chances.}) 15... f5 16. d5 $5 exd5 17. Rfd1 Qb6 $1 (17... bxc4 18. Bxc4 Nf6 19.
Qxf5 {is obviously unnecessarily hazardous.}) 18. c5 Qb7 19. Qb3 Nc6 {The
greedy} (19... Rd8 {deserved attention. If} 20. f3 $5 {is probably an
improvement, when the powerful bishop pair give white good compensation after}
(20. Bxb5 a6 $6 (20... Nc3 $1 21. Qxc3 Qxb5 22. Bb2 {or} (22. Qe5 Qd7) 22...
Qb7 {and white does not appear to have enough compensation.}) 21. Bc4 Qxb3 22.
Bxb3 {leaves black with an unpleasant task defending d5.}) 20... Nf6 21. Qxb5)
20. Qxd5+ {A difficult decision - there are many tempting moves, but no
terribly clear path to an advantage.} (20. Rxd5 $5 Na5 21. Qd3 Qf7 $5 (21...
Nc3 $6 22. Bf3 {looks better for white.}) 22. Rd7 Qf6 23. Rc1 {leads to a very
difficult position to assess.}) (20. Bxb5 $5 {also leads to complications:} Nf6
(20... Ne7 $6 21. c6 Qb6 22. Bxe7 Qxf2+ 23. Kh1 Rxe7 24. Qxd5+ Kh8 25. c7 {
winning.}) 21. Bb2 (21. Rxd5 Na5 22. Qa4 Re4 $1) 21... a6 22. Bxf6 axb5 23.
Qxd5+ {with a slight pull for white. I think that either of these could be
more promising than the game, but time was already becoming a factor for both
players.}) 20... Kh8 21. Bb2 Rf8 22. Bf3 Rae8 23. h3 a5 {Now black must have
the upper hand, but his flag was already rising...} 24. Re1 Qc7 $2 (24... Rd8
$1 {intending an invasion on d2 should put black in control.}) 25. Bxe4 Rxe4
26. Rxe4 fxe4 27. Qxe4 Qf4 $2 (27... b4 {must be better. Black king now
becomes too exposed.}) 28. Bxg7+ $1 Kxg7 29. Qxc6 Qxf2+ 30. Kh1 Qe2 31. Qd6 b4
(31... Rf1+ 32. Rxf1 Qxf1+ 33. Kh2 a4 34. c6 {is a disaster for black.}) 32. c6
b3 33. Qg3+ Kh6 34. Qxb3 Qe5 35. Rc1 Rc8 36. Qc4 Rc7 37. Rd1 Qf6 38. Rc1 Qd6
39. Qe4 Qf6 {and here, after a prolonged argument, black was judged to have
lost on time. Rausis explained to me that his flag fell as Farago was thinking,
and that he had had about 30 seconds to make his last move. He felt that his
clock had been running despite being pressed. The clock was not judged to be
faulty, and in any event, his position is quite grim.} 1-0

[Event "RUS Cup final"]
[Site "Serpukhov"]
[Date "2008.11.08"]
[Round "2.2"]
[White "Vitiugov, Nikita"]
[Black "Yakovich, Yuri"]
[Result "1-0"]
[WhiteElo "2638"]
[BlackElo "2567"]
[Annotator "Vitiugov,N"]
[PlyCount "85"]
[EventDate "2008.11.05"]
[EventType "k.o."]
[EventRounds "6"]
[EventCountry "RUS"]
[SourceTitle "CBM 128"]
[Source "ChessBase"]
[SourceDate "2009.01.28"]
[SourceVersion "1"]
[SourceVersionDate "2009.01.28"]
[SourceQuality "1"]

1. d4 d5 2. c4 dxc4 {The QGA is the favourite opening of my opponent, so I had
prepared it very well.} 3. Nf3 a6 4. e3 e6 5. Bxc4 c5 {In this game I decided
to play very rare variation, which I analysed a year ago.} 6. d5 $5 Nf6 {
A very solid move, after which White keeps a small, but comfortable advantage
in the endgame.} (6... exd5 $5) ({I think, the principal continuation is} 6...
b5 7. Bb3 c4 8. dxe6 Qxd1+ 9. Bxd1 Bxe6 $13) 7. dxe6 Qxd1+ 8. Kxd1 Bxe6 9. Bxe6
fxe6 10. a4 $5 {White's play is very easy, and that is important when you have
only 1h.30min. with 30sec. increment for the game.} (10. Nbd2) 10... b6 11.
Nbd2 Bd6 {Black's position has only one failing - a broken pawn structure. But
it is the long-term factor.} (11... Nc6 12. Nc4 Rb8 13. Ng5 Ke7 14. Ke2) 12. b3
Nc6 13. Bb2 O-O-O $6 {I don't believe, that this artificial decision can be
right.} ({The most logical way was} 13... Ke7) 14. Ke2 Rd7 $6 {The series of
the mistakes leads to very dangerous position for Black.} 15. Ng5 Re8 ({May be
} 15... e5 {was better, but it is also unpleasant for Black.}) 16. Nc4 Bc7 17.
Rhd1 $2 {Too slow. I felt that this was the critical moment of the game, but
couldn't make the right decision.} ({The paradoxical} 17. Bxf6 $1 {was very
strong} gxf6 18. Ne4 Red8 {The only move,} ({because the position after} 18...
Rf8 19. a5 {is absolutely losing.}) 19. a5 $1 (19. Nxf6 $2 Rd3 20. Ne4 Rxb3 $13
) 19... b5 20. Nb6+ Bxb6 21. axb6 f5 (21... Rd5 22. Rhc1 $18) 22. Nxc5 Rd2+ 23.
Kf3 Ne5+ 24. Kg3 $16 {I had seen this variation during the game, but, probably,
couldn't evaluate it correctly.}) 17... Rxd1 18. Rxd1 Re7 {Now White's
advantage has become minimal again.} 19. h4 h6 20. Nf3 Rd7 21. Rxd7 Kxd7 22.
Nfe5+ Nxe5 23. Nxe5+ $14 {I understood that the position is almost equal, but
only White can play for a win.} Ke7 (23... Bxe5 24. Bxe5 Ke7 25. f3) 24. f3 g5
$6 ({I think that Black can play more naturally:} 24... b5 25. g4) 25. hxg5
hxg5 26. g4 Ne8 $6 ({The logical way was} 26... Nd5 $5 27. Nd3 Bd6 28. Nf2 Kd7
29. Ne4 Be7 30. Be5 b5 31. f4 $14 {And even here the position is almost equal,
but not absolutely drawish.}) 27. Nd3 Nd6 28. Be5 Bd8 29. Kd2 $6 ({A stronger
move was} 29. a5 $5 c4 30. Bxd6+ Kxd6 31. bxc4 bxa5 $14) 29... Nf7 30. Bb8 Kd7
31. a5 Kc6 $2 {The losing move.} ({But in time trouble it was very hard to
find the correct} 31... c4 $1 32. bxc4 b5 $1 $11) 32. axb6 Bxb6 33. Ne5+ $18 {
The bishop endgame is losing for Black.} Nxe5 34. Bxe5 Bd8 (34... c4 $5) 35.
Kd3 Kd5 36. f4 gxf4 37. Bxf4 c4+ 38. bxc4+ Kc6 39. g5 Kd7 40. c5 e5 41. g6 Bf6
42. c6+ Kxc6 43. Bh6 {I was very happy to win this game, because before this
Cup, the knockout system had been the most difficult system for me.} 1-0